1140 1391 1597 1875 1230 1386 1354 1487 1518 1311 1275 1307 1821 1305 1808 1325 1560 1222 1204 1536 1914 1324 1761 1480 1353 1960 1351 1504 1439 1141 1252 1194 1182 1969 1513 1821 1426 1695 1956 1466 1967 1938 1692 1489 1252 1378 1096 1315 1989 1665 1788 1928 1631 1401 1797 1896 1291 1081 1275 1114 1201 1031 1064 1576 1631 1554 1728 1633 1104 1946 1901 1665 1675 1174 1316 1478 1781 1815 1857 1897 1632 1907 1933 1719 1574 1938 1506 1665 1348 1131 1128 1181 1120 1754 1387 1465 1101 1379 1912 BCNSPRNW ULIB Ver.6.0+V

เปลี่ยนเป็นภาษาไทย

Change to English
 แสดงรายละเอียดบรรณานุกรม
  กลับหน้าหลัก

Brief Record : Get Marc (ISO 2709) : E-mail record : QR code < ปิดหน้าต่าง
LEADER : 00000nam 2200000uu 4500
001    13399108559
003     ULIB
008    110308s2543||||th 000 0 tha d
020    9747549206 (ล.1)
060 04 QV770^bว587ส ล.1 2543
245 00 สมุนไพรพื้นบ้านภาคอีสาน /^cรวบรวมและเรียบเรียงโดย มาลีบรรจบ ... [และคนอื่นๆ]
250    พิมพ์ครั้งที่ 1
260    [นนทบุรี] :^bสถาบันวิจัยสมุนไพร กรมวิทยาศาสตร์การแพทย์,^c2543
300    3 ล. ;^c29 ซม.
650  2 Herbs^zThailand (Northeast)
650  2 Medicine Herbal^zThailand (Northeast)
650  7 พฤกษศาสตร์^zไทย (ภาคตะวันออกเฉียงเหนือ)
650  7 ยาแผนโบราณ^zไทย (ภาคตะวันออกเฉียงเหนือ)
650  7 สมุนไพร^xการใช้รักษา^zไทย (ภาคตะวันออกเฉียงเหนือ)
700 0  มาลี บรรจบ
710 2  กรมวิทยาศาสตร์การแพทย์. ^bสถาบันวิจัยสมุนไพร
710 2  สถาบันวิจัยสมุนไพร
945    ^p0^l0^i012892
995    ทศพร
999 ^a ใช้งานได้ทุกระบบ
รายการนี้ยังไม่มีแท็ก
คุณยังไม่ได้ล็อกอิน คุณสามารถมีกิจกรรมร่วมกับเว็บไซต์ได้ แต่ต้องล็อกอินก่อน ::
  ล็อกอิน

รายการสื่อสารสนเทศ

ลำดับที่ ประเภท เลขเรียก/บาร์โค้ด สถานที่ สถานะ
- ไม่พบข้อมูล -

BibComment


ยังไม่เคยถูกคอมเมนท์

คอมเมนท์ทรัพยากรรายการนี้
  คอมเมนท์: สมุนไพรพื้นบ้านภา..


 Copyright 2026. Bcnsprnw @Library